000 00390 a2200109 4500
001 ART_45498
005 20260410161939.0
008 260409a
245 1 0 _aMoney, interest rates, and monetarist policy: some more unpleasant monetarist arithmetic?
100 1 _aWray, L. Randall
773 0 _tJournal of post Keynesian economics
_g- Vol. 15, NÂș 4 (jun. 1993)
_wREV26226
999 _c29345
_d29345